| 000 | 00974nam a2200229 i 4500 | ||
|---|---|---|---|
| 001 | 180208 | ||
| 003 | ES-MaACL | ||
| 005 | 20251015170208.0 | ||
| 007 | t| | ||
| 008 | 120518m19331940sp a |||| | spa d | ||
| 080 | _a61(091) | ||
| 245 | 0 | 0 | _aTrabajos de la Cátedra de Historia Crítica de la Medicina. |
| 260 |
_aMadrid : _b[s.n.], _c1933-1940 ( _fImp. de los Sobrinos de la Suc. de M. Minuesa de los Rios) |
||
| 300 |
_a6 v. : _bil. ; _c26 cm. |
||
| 505 | 8 | _aContiene: 1º. Curso de 1932-1933 - 2º. Curso de 1932-1933 - 3º. Curso de 1933-1934 - 4º. Curso de 1934-1935 - 5º. Curso de 1934-1935 - 6º. Curso de 1934-1935 - 9º. Curso de 1940: resumen de cuadros sinópticos / [Eduardo García del Real] | |
| 650 | 0 | 4 |
_aMedicina- _vHistoria _914907 |
| 700 | 0 |
_aGarcía del Real, Eduardo, _d1870-1946 _954523 |
|
| 852 |
_aES-MaACL _jE-15410-16 |
||
| 852 |
_aES-MaACL _jC-7147 _zVol. 1º |
||
| 852 | 1 |
_aBA _j1971-F-5 _zVol. 9º |
|
| 999 |
_c180208 _d180208 |
||